000 00193nam a2200073Ia 4500
008 170817s9999 xx 000 0 und d
100 _aBRENNAN JAMES F.
245 0 _aHISTORY & SYSTEM OF PSYCHOLOGY
260 _bPEARSON EDUCATION
999 _c36931
_d36931